Catálogo

LA UNIVERSIDAD DE SALAMANCA EN HISPANOAMERICA (Registro nro. 56685)

Detalles MARC
000 -LEADER
fixed length control field 01078nam a2200193 a 4500
001 - CONTROL NUMBER
control field 56685
005 - DATE AND TIME OF LATEST TRANSACTION
control field 20180714052551.0
008 - FIXED-LENGTH DATA ELEMENTS--GENERAL INFORMATION
fixed length control field 140415s2005 sp 000 0 spa d
020 ## - INTERNATIONAL STANDARD BOOK NUMBER
International Standard Book Number 8478005145
041 ## - LANGUAGE CODE
Language code of text/sound track or separate title spa
082 ## - DEWEY DECIMAL CLASSIFICATION NUMBER
Classification number 378.8
Item number ROD
100 1# - MAIN ENTRY--PERSONAL NAME
Personal name RODRIGUEZ CRUZ, AGUEDA
245 13 - TITLE STATEMENT
Title LA UNIVERSIDAD DE SALAMANCA EN HISPANOAMERICA
250 ## - EDITION STATEMENT
Edition statement 1a ed.
260 ## - PUBLICATION, DISTRIBUTION, ETC.
Place of publication, distribution, etc. ESPAÑA :
Name of publisher, distributor, etc. EDICIONES UNIVERSIDAD DE SALAMANCA,
Date of publication, distribution, etc. 2005
300 ## - PHYSICAL DESCRIPTION
Extent 157
Dimensions 12.1 x 0.7 x 21
520 ## - SUMMARY, ETC.
Summary, etc. EL FENOMENO CULTURAL HISPANOAMERICANO FUE UN TRANSPLANTE DE LA VIDA ESPAÑOLA A AMERICA, O MAS PRECISAMENTE SIMBIOSIS. TODO EN LA VIDA ULTRAMARINA SE REALIZO EN UN MARCO MUY HISPANICO. ESO MISMO OCURRIO CON EL FENOMENO UNIVERSITARIO: SALAMANCA, LA MAS ANTIGUA Y CELEBRE DE LAS UNIVERSIDADES ESPAÑOLAS, FUE EL MODELO, PROTOTIPO Y ALMA MATER DE LAS UNIVERSIDADES HISPANOAMERICANAS. EL REGIMEN ACADEMICO DE ULTRAMAR SE INSPIRO CON MAYOR O MENOR INTENSIDAD, DIRECTA O INDIRECTAMENTE, EN LA ESTRU
650 14 - SUBJECT ADDED ENTRY--TOPICAL TERM
Topical term or geographic name entry element AMERICA LATINA
General subdivision HISTORIA
-- UNIVERSIDADES
-- UNIVERSIDAD DE SALAMANCA
-- ESPAA
Existencias
Withdrawn status Lost status Source of classification or shelving scheme Damaged status Not for loan Collection code Home library Current library Shelving location Date acquired Source of acquisition Inventory number Total Checkouts Full call number Barcode Date last seen Price effective from Koha item type
    Dewey Decimal Classification     General Biblioteca Karol Wojtyla Biblioteca Karol Wojtyla Sala general 03/12/2013 Compra 151000000000000000045145   378.8 ROD 85632 05/01/2026 03/12/2013 Libro